Geisha / (Запис № 500305)

МАРК-запис
000 -LEADER
fixed length control field 01953cam a2200445 a 4500
001 - CONTROL NUMBER
control field geishadalb00dalb
003 - CONTROL NUMBER IDENTIFIER
control field CaSfIA
005 - DATE AND TIME OF LATEST TRANSACTION
control field 20210118085355.0
007 - PHYSICAL DESCRIPTION FIXED FIELD--GENERAL INFORMATION
fixed length control field cr||||
008 - FIXED-LENGTH DATA ELEMENTS--GENERAL INFORMATION
fixed length control field 841030r19851983nyua b 001 0 eng
010 ## - LIBRARY OF CONGRESS CONTROL NUMBER
LC control number 84040522
040 ## - CATALOGING SOURCE
Original cataloging agency DLC
Transcribing agency DLC
Modifying agency BAKER
-- NLGGC
-- BTCTA
-- YDXCP
-- CaSfIA
020 ## - INTERNATIONAL STANDARD BOOK NUMBER
International Standard Book Number 0394728939 (pbk.) :
Terms of availability $8.95
020 ## - INTERNATIONAL STANDARD BOOK NUMBER
International Standard Book Number 9780394728933 (pbk.)
035 ## - SYSTEM CONTROL NUMBER
System control number (OCoLC)11399834
043 ## - GEOGRAPHIC AREA CODE
Geographic area code a-ja---
050 10 - LIBRARY OF CONGRESS CALL NUMBER
Classification number GT3412
Item number .D34 1985
082 00 - DEWEY DECIMAL CLASSIFICATION NUMBER
Classification number 792.7/028/0952
Edition number 21
084 ## - OTHER CLASSIFICATION NUMBER
Classification number 74.21
Source of number bcl
029 1# - (OCLC)
OCLC library identifier NLGGC
System control number 85190050X
029 1# - (OCLC)
OCLC library identifier NZ1
System control number 2908603
029 1# - (OCLC)
OCLC library identifier AU@
System control number 000003592869
100 1# - MAIN ENTRY--PERSONAL NAME
Personal name Dalby, Liza Crihfield.
245 10 - TITLE STATEMENT
Title Geisha /
Medium [electronic resource]
Statement of responsibility, etc Liza Crihfield Dalby.
250 ## - EDITION STATEMENT
Edition statement 1st Vintage Books ed.
260 ## - PUBLICATION, DISTRIBUTION, ETC. (IMPRINT)
Place of publication, distribution, etc New York :
Name of publisher, distributor, etc Vintage Books,
Date of publication, distribution, etc 1985, c1983.
300 ## - PHYSICAL DESCRIPTION
Extent xix, 347 p. :
Other physical details ill. ;
Dimensions 21 cm.
500 ## - GENERAL NOTE
General note Reprint. Originally published: Berkeley : University of California Press, 1983.
504 ## - BIBLIOGRAPHY, ETC. NOTE
Bibliography, etc Bibliography: p. 337-339.
500 ## - GENERAL NOTE
General note Includes index.
506 ## - RESTRICTIONS ON ACCESS NOTE
Standardized terminology for access restriction Необхідна авторизація на https://archive.org/ (створення облікового запису безкоштовно)
506 ## - RESTRICTIONS ON ACCESS NOTE
Standardized terminology for access restriction Необхідна авторизація на https://openlibrary.org/ (створення облікового запису безкоштовно)
650 #0 - SUBJECT ADDED ENTRY--TOPICAL TERM
Topical term or geographic name as entry element Geishas.
650 17 - SUBJECT ADDED ENTRY--TOPICAL TERM
Topical term or geographic name as entry element Geisha's.
Source of heading or term gtt
776 08 - ADDITIONAL PHYSICAL FORM ENTRY
Display text Online version:
Main entry heading Dalby, Liza Crihfield.
Title Geisha.
Edition 1st Vintage Books ed.
Place, publisher, and date of publication New York : Vintage Books, 1985, c1983
Record control number (OCoLC)604977127
776 08 - ADDITIONAL PHYSICAL FORM ENTRY
Display text Online version:
Main entry heading Dalby, Liza Crihfield.
Title Geisha.
Edition 1st Vintage Books ed.
Place, publisher, and date of publication New York : Vintage Books, 1985, c1983
Record control number (OCoLC)607897638
856 41 - ELECTRONIC LOCATION AND ACCESS
Uniform Resource Identifier <a href="http://www.archive.org/details/geishadalb00dalb">http://www.archive.org/details/geishadalb00dalb</a>
Public note Free eBook from the Internet Archive
856 42 - ELECTRONIC LOCATION AND ACCESS
Uniform Resource Identifier <a href="http://www.openlibrary.org/books/OL2867001M">http://www.openlibrary.org/books/OL2867001M</a>
Public note Additional information and access via Open Library
942 ## - ADDED ENTRY ELEMENTS (KOHA)
Koha item type ЕКнига

Немає доступних примірників.